The human revolution
The two volume in a five-volume work in the form of a slightly fictionalized biography describing the development of Soka Gakkai, the worldwide religion based on Nichiren Shoshu Buddhism.
সংরক্ষণ করুন:
| প্রধান লেখক: | |
|---|---|
| বিন্যাস: | গ্রন্থ |
| ভাষা: | Undetermined |
| প্রকাশিত: |
New York
Weatherhill
1974
|
| বিষয়গুলি: | |
| ট্যাগগুলো: |
ট্যাগ যুক্ত করুন
কোনো ট্যাগ নেই, প্রথমজন হিসাবে ট্যাগ করুন!
|
| Thư viện lưu trữ: | Trung tâm Học liệu Trường Đại học Cần Thơ |
|---|
| LEADER | 00662nam a2200193Ia 4500 | ||
|---|---|---|---|
| 001 | CTU_107975 | ||
| 008 | 210402s9999 xx 000 0 und d | ||
| 082 | |a 294.3 | ||
| 082 | |b I.26/Vol.2 | ||
| 100 | |a Ikeda, Daisaku | ||
| 245 | 4 | |a The human revolution | |
| 245 | 0 | |c Daisaku Ikeda | |
| 260 | |a New York | ||
| 260 | |b Weatherhill | ||
| 260 | |c 1974 | ||
| 520 | |a The two volume in a five-volume work in the form of a slightly fictionalized biography describing the development of Soka Gakkai, the worldwide religion based on Nichiren Shoshu Buddhism. | ||
| 650 | |a Buddhism | ||
| 904 | |i Lê Giang | ||
| 980 | |a Trung tâm Học liệu Trường Đại học Cần Thơ | ||